Normal view
MARC view
- ELECTRIC CURRENTS GROUNDING NATIONAL FIRE PROTECTION ASSOCIATION NATIONAL ELECTRICAL CODE,1987
Entry Topical Term
001 - CONTROL NUMBER
- control field: 62312
003 - CONTROL NUMBER IDENTIFIER
- control field: NUST
005 - DATE AND TIME OF LATEST TRANSACTION
- control field: 20210628202923.0
008 - FIXED-LENGTH DATA ELEMENTS
- fixed length control field: 210628|| aca||aabn | a|a d
040 ## - CATALOGING SOURCE
- Original cataloging agency: NUST
- Transcribing agency: NUST
150 ## - HEADING--TOPICAL TERM
- Topical term or geographic name entry element: ELECTRIC CURRENTS GROUNDING NATIONAL FIRE PROTECTION ASSOCIATION NATIONAL ELECTRICAL CODE,1987
670 ## - SOURCE DATA FOUND
- Source citation: Work cat.: (NUST): O' RILEY, R. P 62311, ELECTRICAL ENGINEERINGB, BRINGING GROUNDING BACK TO EARTH, 1988
